Stati dove il Portoghese è Lingua ufficiale - Statistics

Statistiche generali
  • Questo quiz è stato fatto 54 volte
  • Il punteggio medio è 7 su 9
Statistiche sulle risposte
Continente Nazione % Corretto
America del Sud Brasile
98%
Europa Portogallo
96%
Africa Angola
88%
Africa Capo Verde
78%
Africa São Tomé e Príncipe
72%
Asia Timor Est
72%
Africa Mozambico
68%
Africa Guinea-Bissau
64%
Africa Guinea Equatoriale
50%
Nessun quiz corrispondente trovato
Distribuzione punteggi
Percentuale di utenti per punteggio
Percentile per numero di risposta
I tuoi punteggi nel tempo
Non hai fatto questo quiz